| 000 | 00530nam a2200217 a 4500 | ||
|---|---|---|---|
| 999 |
_c8845 _d8845 |
||
| 001 | 8845 | ||
| 003 | BD-JhCC | ||
| 005 | 20180529142912.0 | ||
| 008 | 180304s1967 e a|||| || | 001 0 eng d | ||
| 035 | _a(BD-JhCC)8845 | ||
| 040 |
_aBD-JhCC _dBD-JhCC |
||
| 041 | _aeng | ||
| 082 |
_bCHE 1967 _a540 |
||
| 245 |
_aChemistry : _bCollected Experimenst / |
||
| 260 |
_aLondon : _bNuffeild Foundation _c1967 |
||
| 300 |
_a368 _bill. ; _c23 cm. |
||
| 504 | _aIncludes index | ||
| 650 | _aChemistry | ||
| 942 |
_2ddc _cBK |
||